000
00251nam a2200097Ia 4500
001
643349
005
20250826153544.0
008
250824s9999 xx 000 0 und d
245
0
_a
BİŞEY SÖYLİCEM AMA GÜLMEK YOK
_c
MİNE SOTA
260
_b
GENÇ TİMAŞ
999
_c
643349
_d
643349